UEFA Europa League: 10+ Assists (2000-) - Statistics

General Stats
  • This quiz has been taken 8 times
  • The average score is 15 of 28
Answer Stats
Ranking Player Positions Nationality Matches Goals (assists) Periods Clubs % Correct
1 Bruno Fernandes MF, FW 58 27 (21) 2017-2020, 2022-2023, 2024-2025
100%
11 Christian Eriksen MF, FW 55 10 (11) 2009-2016, 2019-2020, 2022-2023, 2024-2025
100%
2 Dries Mertens MF, FW 73 18 (17) 2010-2015, 2017-2018, 2020-2021, 2023-2025
100%
12 Henrikh Mkhitaryan MF, FW 55 10 (11) 2015-2021
100%
3 Juan Mata MF, FW 50 10 (14) 2009-2010, 2012-2013, 2015-2016, 2019-2021
100%
14 Filip Kostić DF, MF, FW 46 9 (11) 2018-2019, 2021-2022, 2024-2025
75%
5 Florian Wirtz MF, FW 33 12 (12) 2019-2024
75%
4 Lorenzo Pellegrini MF 53 11 (13) 2016-2017, 2019-2020, 2022-2025
75%
23 Pedro MF, FW 51 13 (10) 2018-2019, 2020-2022, 2024-2025
75%
19 Willian MF, FW 39 4 (11) 2009-2010, 2012-2013, 2018-2019, 2020-2021, 2024-2025
75%
18 Éver Banega MF 48 4 (11) 2009-2010, 2013-2016, 2018-2020
63%
26 Kevin Kampl MF 29 6 (10) 2010-2011, 2013-2014, 2017-2018, 2021-2022
63%
21 Mesut Özil MF, FW 29 3 (11) 2009-2010, 2017-2019, 2021-2022
63%
24 Moussa Diaby DF, MF, FW 28 12 (10) 2019-2023
63%
8 Taison MF, FW 59 14 (11) 2010-2013, 2015-2016, 2018-2020, 2024-2025
63%
20 Luis Alberto MF, FW 30 3 (11) 2017-2019, 2021-2023
50%
22 Ricardo Horta MF, FW 50 14 (10) 2016-2017, 2019-2022, 2024-2025
38%
17 Valentin Stocker MF 38 7 (11) 2009-2010, 2012-2013, 2017-2018, 2019-2020
38%
10 Bibras Natkho MF, FW 53 11 (11) 2009-2013, 2017-2020
25%
7 Bořek Dočkal MF, FW 38 4 (12) 2012-2013, 2014-2016, 2020-2022
25%
9 Lior Refaelov MF, FW 36 12 (11) 2011-2012, 2014-2015, 2020-2021, 2023-2024
25%
6 Marlos MF, FW 40 6 (12) 2011-2012, 2015-2016, 2018-2021
25%
25 Sergio Canales MF, FW 36 6 (10) 2011-2012, 2013-2014, 2017-2018, 2021-2023
25%
15 Viktor Tsyhankov MF, FW 33 9 (11) 2017-2020, 2022-2023
25%
28 Alejandro Pozuelo MF, FW 26 2 (10) 2013-2014, 2016-2017, 2018-2019
13%
13 Galeno DF, MF, FW 33 10 (11) 2019-2021, 2024-2025
13%
27 José Antonio Reyes MF 41 4 (10) 2009-2011, 2013-2016
13%
16 Vitaliy Buyalskyi MF, FW 41 8 (11) 2014-2015, 2017-2020, 2022-2023, 2024-2025
13%
No matching quizzes found
Score Distribution
Percent of People with Each Score
Percentile by Number Answered
Your Score History
You have not taken this quiz